• 首页
  • 本馆介绍
  • 公告通知
  • 最新文献
  • 馆藏检索
  • 电子资源
  • 读者导购
  • 参考咨询
  • 我的图书馆
  • 登录
  • 详细信息显示
  • 放入我的书架
  • 预约/预借图书
  • 作者相关作品
  • 分类相关作品
  • 丛书相关作品
  • 出版社相关作品

书目信息

  • 表格格式
  • 工作单格式
  • 卡片格式
题名:
跨文化心理研究
    
 
作者: 张世富 著
分册:  
出版信息: 北京   人民教育出版社  2006
页数: 181页
开本: 21cm
丛书名:
单 册:
中图分类: G05 , B84
科图分类:
主题词: 心理学--对比研究 , 心理学 , 心理学
电子资源:
ISBN: 7-107-19451-8
000 00908nam0 2200277 450
000 00876nam0 2200253 450
000 00810nam0 2200229 450
000 00774oam2 2200217 45
005 20070726172142.60
010    @a7-107-19451-8@dCNY13.40
100    @a20070710d2006 em y0chiy0120 ea
101 0  @achi
102    @aCN@b110000
105    @ay z 000yy
200 1  @a跨文化心理研究@AKua Wen Hua Xin Li Yan Jiu@f张世富著@FZhang Shi Fu Zhu
210    @a北京@c人民教育出版社@d2006
215    @a181页@d21cm
330    @a本书分为理论篇、探索篇和实践篇3部分,收录《教育社会心理学的发展与应用》、《我国少数民族个体社会化的影响因素》、《青少年品德形成的调查研究》等16篇论文。
606 0  @a心理学@x对比研究
606 0  @a心理学
606 0  @a心理学
690    @aG05@v4
690    @aB84@v3
701  0 @a张世富@AZhang Shi Fu@f(1921.12~)@4著
801  0 @aCN@bTAOJIN@c20070726
905    @a10447@dB84@e839
    
    跨文化心理研究/张世富著.-北京:人民教育出版社,2006
    181页;21cm
    
    
    ISBN 7-107-19451-8:CNY13.40
    本书分为理论篇、探索篇和实践篇3部分,收录《教育社会心理学的发展与应用》、《我国少数民族个体社会化的影响因素》、《青少年品德形成的调查研究》等16篇论文。
●
相关链接 在E读中查询图书 在五车中查询图书 在当当中查询图书 在豆瓣中查询图书


正题名:跨文化心理研究     索取号:B84/839         预约/预借

序号 登录号 条形码 馆藏地/架位号 状态 备注
1 0820030   208200301   第一样本阅览室/ [索取号:B84/839] 在馆    
2 0820031   208200310   第一借阅区/ [索取号:B84/839] 在馆    
3 0820032   208200329   第一借阅区/ [索取号:B84/839] 在馆    
4 0820033   208200338   第一借阅区/ [索取号:B84/839] 在馆    
5 0820034   208200347   第一借阅区/ [索取号:B84/839] 在馆    
唐山师范学院图书馆 欢迎您!
大连网信软件有限公司© 版权所有